000 00493nam a2200109Ia 4500
008 220616s9999||||xx |||||||||||||| ||und||
100 _aKoralun-Bereźnicka, Julia||Szramowski, Dawid
245 4 _aThe Economics of Corporate Trade Credit in Europe
546 _aEnglish[eng]
650 _acluster analysis; country and firm size effect;financial crisis; industry; payables management; receivables management; short-term finance;Trade credit; trade credit balance; working capital
942 _cEB
999 _c20699
_d20699